000 01050nam a22002897a 4500
001 10138
003 FISKH
005 20260424081841.0
008 260424b cb ||||| |||| 00| 0 eng d
020 _a9780462005041
040 _aFISKH
_beng
_cFISKH
_dFISKH
050 _aPZ7
082 _a823.92
100 _aLing, Judy
_eAuthor
245 _aLooking out the windows /
_cWritten by Judy Ling
260 _aLondon :
_bMarshall Cavendish Limited ,
_c2008
300 _a16 pages :
_bcolor illustrations ;
_c16 x 19 cm
490 _aMy pals are here! Reading stars :
_v10e
505 _aG
520 _aA character looks out of a window and observes what is happening outside. They see different people, animals, or objects and describe them. The story focuses on simple observations and helps readers connect words with what they see in everyday life.
521 8 _a400
_bLexile estimate
521 8 _aG
_bRaz-Plus
650 _aObservation
_vWindow
650 _aDaily life
_vNeighborhood
942 _2ddc
_cBK
_n0
999 _c10138
_d10138